Focus: metropolitan Philadelphia's business newsweekly

Detalles Bibliográficos
Formato: Electrónico Revista
Lenguaje:inglés
Publicado: Philadelphia, Metropolitan Business News
Materias:
Acceso en línea:Full text available from Research Library: 01/23/1985 to 02/28/1993

MARC

LEADER 00000nas a2200000 4500
001 ssj0003747
003 WaSeSS
005 20200512172242.0
006 m d
007 cr n
008 781214c19689999paumn p s 0 a0eng c
010 |a sn 79004363  
022 |l 0193-502X  |y 0193-502X 
032 |a 772920  |b USPS 
035 |a (WaSeSS)ssj0003747 
037 |b Focus, 201 N. Broad St., Philadelphia, PA 19107 
040 |a DXU  |b eng  |c DXU  |d NSD  |d NST  |d OCL  |d NSD  |d OCL  |d OCLCQ  |d TEU  |d OCLCQ  |d OCLCF  |d OCLCO  |d OCLCA  |d OCLCQ  |d OCLCO  |d WaSeSS 
042 |a nsdp  |a pcc 
043 |a n-us-pa 
082 0 4 |a 658.05 
222 0 |a Focus  |b (Business News, Inc.) 
245 0 0 |a Focus: metropolitan Philadelphia's business newsweekly  |h [electronic resource]. 
246 3 0 |a Metropolitan Philadelphia's business newsweekly 
260 |a Philadelphia,  |b Metropolitan Business News 
310 |a Monthly (except semimonthly in Mar., June, Sept., Nov.),  |b <Mar. 17, 1992-> 
321 |a Weekly (except first two weeks July, last week Dec.), <June 15,  |b 1983-> 
362 1 |a Began with issue for Feb. 7, 1968? 
506 |a License restrictions may limit access. 
650 7 |a Economic history.  |2 fast  |0 (OCoLC)fst00901974 
651 0 |a Philadelphia (Pa.)  |x Economic conditions  |v Periodicals. 
651 7 |a Pennsylvania  |z Philadelphia.  |2 fast  |0 (OCoLC)fst01204170 
655 0 |a Electronic journals. 
850 |a PPD  |a PU-W 
856 4 0 |z Full text available from Research Library: 01/23/1985 to 02/28/1993  |u https://search.proquest.com/publication/36238